Bước ngoặt hiểm nghèo : Tập truyện về công tác giáo dục thanh thiếu niên chậm tiến /

সংরক্ষণ করুন:
গ্রন্থ-পঞ্জীর বিবরন
প্রধান লেখক: Vi-xtu-nốp E. I.
অন্যান্য লেখক: Ngô Lê (dịch.)
বিন্যাস: Sách giấy
ভাষা:Vietnamese
প্রকাশিত: H. : Thanh niên, 1983.
ট্যাগগুলো: ট্যাগ যুক্ত করুন
কোনো ট্যাগ নেই, প্রথমজন হিসাবে ট্যাগ করুন!
Thư viện lưu trữ: Thư viện Trường Đại học Đà Lạt
LEADER 00752nam a2200289 4500
001 DLU140160272
005 ##20140226
040 # # |a DLU  |b vie 
041 # # |a vie 
044 # # |a vn 
082 # # |a 891.73  |b VI-E 
100 # # |a Vi-xtu-nốp E. I. 
245 # # |a Bước ngoặt hiểm nghèo :  |b Tập truyện về công tác giáo dục thanh thiếu niên chậm tiến /   |c Vi-xtu-nốp E. I.; Ngô Lê dịch  
260 # # |a H. :  |b Thanh niên,  |c 1983. 
300 # # |a 251 tr. ;  |c 19 cm. 
700 # # |a Ngô Lê,  |e dịch. 
923 # # |a TL 
991 # # |a SH 
992 # # |a 6 
994 # # |a DLU 
900 # # |a True 
911 # # |a Nguyễn Thị Tưởng 
925 # # |a G 
926 # # |a A 
927 # # |a SH 
980 # # |a Thư viện Trường Đại học Đà Lạt